| 000 | 00726nam a2200217Ia 4500 | ||
|---|---|---|---|
| 003 | GCL | ||
| 005 | 20240530101854.0 | ||
| 008 | 140319s9999 xx 000 0 ara d | ||
| 040 |
_aGCL / _cGCL |
||
| 082 | 0 | 4 |
_a410.6 _bع م |
| 100 | 1 | _aعبدالمنعم الدسوقى الجميعى | |
| 245 | 1 | 0 |
_aمجمع اللغة العربية : دراسة تاريخية / _cعبدالمنعم الدسوقى الجميعى |
| 260 |
_a[S.N] : _bالهيئة المصرية العامة للكتاب ، _c1983 |
||
| 300 | _a137 ص | ||
| 490 |
_aمصر النهضة _v0 |
||
| 650 | 0 | 4 | _aمصر |
| 650 | 0 | 4 | _aتاريخ |
| 650 | 0 | 4 | _aاللغة العربية |
| 650 | 0 | 4 | _aمجمع اللغة العربية |
| 942 |
_2ddc _cBK |
||
| 999 |
_c28351 _d28351 |
||